| 000 | 01300cam a2200337 a 4500 | ||
|---|---|---|---|
| 001 | 670601 | ||
| 003 | NUST-PNEC | ||
| 005 | 20170116180735.0 | ||
| 008 | 950327s1996 nyua b 001 0 eng | ||
| 010 | _a 95012398 | ||
| 020 | _a0471128457 | ||
| 020 | _a0471117099 | ||
| 040 |
_aDLC _cPNEC _dDLC |
||
| 050 | 0 | 4 |
_aQA76.9.A25 _bS35 1996 |
| 082 | 0 | 0 |
_a005.82 SCH _220 |
| 100 | 1 |
_aSchneier, Bruce, _d1963- |
|
| 245 | 1 | 0 |
_aApplied cryptography : protocols, algorithms, and source code in C / _cBruce Schneier. |
| 250 | _a2nd ed. | ||
| 260 |
_aNew York : _bWiley, _cc1996. |
||
| 300 |
_axxiii, 758 p. : _bill. ; _c24 cm. |
||
| 504 | _aIncludes bibliographical references (p. 675-741) and index. | ||
| 650 | 0 | _aComputer security. | |
| 650 | 0 |
_aTelecommunication _xSecurity measures. _xComputer, MIS |
|
| 650 | 0 | _aCryptography. | |
| 856 | 4 | 2 | _uhttp://www.amazon.com/Applied-Cryptography-Protocols-Algorithms-Source/dp/0471128457/ref=sr_1_1?s=books&ie=UTF8&qid=1416661340&sr=1-1&keywords=0471128457 |
| 856 | 4 | 2 | _3Publisher description |
| 856 | 4 | _3Table of Contents | |
| 906 |
_a7 _bcbc _corignew _d1 _eocip _f19 _gy-gencatlg |
||
| 942 |
_2ddc _cBK |
||
| 999 |
_c61923 _d61923 |
||